000
00308nam a22001337a 4500
008
170817b xxu||||| |||| 00| 0 eng d
020
_a
9781412969314
041
_a
eng
080
_a
311
100
_a
36
101
_a
STA
245
_a
STATISTICS FOR BEHAVIOR SCIENCES
_c
PRIVITERA.G.J
942
_2
udc
_c
BK
999
_c
23986
_d
23986